The role and impact of women entrepreneurs in economic development : (Record no. 33712)

MARC details
000 -LEADER
fixed length control field 006200000a22001570004500
008 - FIXED-LENGTH DATA ELEMENTS--GENERAL INFORMATION
fixed length control field 110120t xxu||||| |||| 00| 0 eng d
082 ## - DEWEY DECIMAL CLASSIFICATION NUMBER
Classification number 27264
090 ## - LOCALLY ASSIGNED LC-TYPE CALL NUMBER (OCLC); LOCAL CALL NUMBER (RLIN)
-- 33712
-- 33711
100 ## - MAIN ENTRY--PERSONAL NAME
Personal name Bugembe, Anne Namagembe
9 (RLIN) 59283
245 ## - TITLE STATEMENT
Title The role and impact of women entrepreneurs in economic development :
Remainder of title Mawaanda rural women developmen association /
Statement of responsibility, etc. Bugembe Anne Namagembe
260 ## - PUBLICATION, DISTRIBUTION, ETC.
Place of publication, distribution, etc. Nkozi :
Name of publisher, distributor, etc. Uganda Martyrs University,
Date of publication, distribution, etc. 2003
300 ## - PHYSICAL DESCRIPTION
Extent iii, 67 p. ;
Dimensions 30 cm.
500 ## - GENERAL NOTE
General note Bachelor of Business administration and management
650 ## - SUBJECT ADDED ENTRY--TOPICAL TERM
Topical term or geographic name entry element Women entrepreneurs - economic development
9 (RLIN) 59284
942 ## - ADDED ENTRY ELEMENTS (KOHA)
Koha item type UG Dissertations
Source of classification or shelving scheme Dewey Decimal Classification
Holdings
Withdrawn status Lost status Source of classification or shelving scheme Damaged status Not for loan Home library Current library Date acquired Total Checkouts Full call number Barcode Date last seen Date last checked out Price effective from Koha item type
    Dewey Decimal Classification     Archbishop Kiwanuka Memorial Library Archbishop Kiwanuka Memorial Library 10/07/2013 9 27264 27264 30/04/2018 28/04/2018 10/07/2013 UG Dissertations

Archbishop Kiwanuka Memorial Library | Uganda Martyrs University P.O. Box : 5498 Kampala, Uganda
Tel : +256-(0) 382-277-901 or +256-(0) 382-410-611 / E-mail : library@umu.ac.ug